000 00226nam a22000857a 4500
008 160921b xxu||||| |||| 00| 0 eng d
100 _9701
_aSharma.J.P
245 _aBiology Activities-XI
260 _aNew Delhi
_bL.P Publications
_c2011
999 _c3358
_d3358